| 000 -LEADER |
| fixed length control field |
01159pab a2200193 454500 |
| 008 - FIXED-LENGTH DATA ELEMENTS--GENERAL INFORMATION |
| fixed length control field |
180718b2010 xxu||||| |||| 00| 0 eng d |
| 100 ## - MAIN ENTRY--PERSONAL NAME |
| Personal name |
Roy, Chowdhury, Indrani |
| 245 ## - TITLE STATEMENT |
| Title |
Understanding the Grameen miracle: information and organisational innovation |
| 260 ## - PUBLICATION, DISTRIBUTION, ETC. |
| Date of publication, distribution, etc. |
2010 |
| 300 ## - PHYSICAL DESCRIPTION |
| Extent |
p.66-73. |
| 362 ## - DATES OF PUBLICATION AND/OR SEQUENTIAL DESIGNATION |
| Dates of publication and/or sequential designation |
6 Feb |
| 520 ## - SUMMARY, ETC. |
| Summary, etc. |
A rigorous analysis of the institutional structures underlying Grameen I yields some interesting economic insights. the essential idea is that an appropriate institutional design can help in tapping into the informational pool available at the local level among the borrowers themselves and something that may not be accessible to outsiders. We argue that such simple and unconventional contracts can harness market efficiency, even though formal and conventional contracts may fail to do so. This paper tries to demonstrate how exactly innovative features like joint liability lending, sequential lending, contingent renewal, et. can serve the purpose. - Reproduced. |
| 650 ## - SUBJECT ADDED ENTRY--TOPICAL TERM |
| Topical term or geographic name entry element |
Poverty |
| 650 ## - SUBJECT ADDED ENTRY--TOPICAL TERM |
| Topical term or geographic name entry element |
Credit |
| 650 ## - SUBJECT ADDED ENTRY--TOPICAL TERM |
| Topical term or geographic name entry element |
Rural development |
| 773 ## - HOST ITEM ENTRY |
| Main entry heading |
Economic and Political Weekly |
| 908 ## - PUT COMMAND PARAMETER (RLIN) |
| Put command parameter |
N |
| 909 ## - |
| -- |
85694 |